000 00629nam a2200193 a 4500
001 000022167
005 20200930011618.0
008 100917s1971 sp 000 |bspa d
040 _aDO-SdBNP
_bspa
_cBNPHU
082 _axxx
_bB512M
100 1 _aManlio Rossi, Mario
_945865
240 1 0 _aIntroduzione a Berkeley
_lespañol
245 1 0 _aQué ha dicho verdaderamente Berkeley /
_cMario Manlio Rossi; traducción por Carmen Santos.
300 _a211 p. ;.
490 _aQué ha dicho verdaderamente;
_v7
534 _aTítulo original :
_tIntroduzione a Berkeley
834 _aQué ha dicho verdaderamente;
_t7
049 _aBNGR
999 _c21665
_d21665